Acteurs et actrices des années 1990 par images #2 - Statistiques

Statistiques générales
  • Ce quiz a été pris 228 fois
  • Le résultat moyen est 11 sur 20
Statistiques - réponses
Par images Réponse % Correct
Will Smith
96%
Brad Pitt
91%
Morgan Freeman
88%
Nicolas Cage
79%
Anthony Hopkins
77%
Hugh Grant
73%
Jodie Foster
63%
Mel Gibson
60%
Pierce Brosnan
60%
Emmanuelle Béart
58%
Patrick Swayze
57%
Jean-Pierre Bacri
54%
Kevin Costner
54%
Agnès Jaoui
40%
Daniel Prévost
36%
Teri Hatcher
36%
Winona Ryder
33%
Marie Trintignant
29%
Kristin Scott Thomas
23%
Daryl Hannah
9%
Aucun quiz correspondant
Distribution des résultats
% des personnes avec chaque résultat
Percentile par nombre de réponses
Votre historique - résultats
Vous n’avez pas pris ce quiz